ბათუმის შოთა რუსთაველის სახელმწიფო უნივერსიტეტის ბიბლიოთეკა

შესავალი მსოფლიო ისტორიაში (ბიბ.ჩანაწერი № 51622)

000 -LEADER
fixed length control field 00835nam a2200253Ia 4500
001 - CONTROL NUMBER
control field 18613
003 - CONTROL NUMBER IDENTIFIER
control field GE_BSU
008 - FIXED-LENGTH DATA ELEMENTS--GENERAL INFORMATION
fixed length control field 181216s||||||||xx |||||||||||||| ||und||
020 ## - INTERNATIONAL STANDARD BOOK NUMBER
International Standard Book Number 9789994050550
040 ## - CATALOGING SOURCE
Transcribing agency GE_BSU
080 ## - UNIVERSAL DECIMAL CLASSIFICATION NUMBER
Universal Decimal Classification number 94(100)(042.4)
100 ## - MAIN ENTRY--PERSONAL NAME
Personal name სანაძე,მანანა
245 ## - TITLE STATEMENT
Title შესავალი მსოფლიო ისტორიაში
245 ## - TITLE STATEMENT
Statement of responsibility, etc. რედ.თ. ბერაძე, ლ. ფირცხალავა
260 ## - PUBLICATION, DISTRIBUTION, ETC.
Place of publication, distribution, etc. თბილისი
260 ## - PUBLICATION, DISTRIBUTION, ETC.
Name of publisher, distributor, etc. საქ. უნ-ტის გამ-ბა
260 ## - PUBLICATION, DISTRIBUTION, ETC.
Date of publication, distribution, etc. 2011
300 ## - PHYSICAL DESCRIPTION
Extent 587გვ.23სმ.
653 ## - INDEX TERM--UNCONTROLLED
Uncontrolled term ისტორია
653 ## - INDEX TERM--UNCONTROLLED
Uncontrolled term ქსეროქსი
653 ## - INDEX TERM--UNCONTROLLED
Uncontrolled term შესავალი მსოფლიო ისტორიაში
942 ## - ADDED ENTRY ELEMENTS (KOHA)
Koha item type წიგნი
ეგზემპლარები
Withdrawn status Lost status Damaged status Not for loan Date acquired Barcode Date last seen Price effective from Koha item type Public note
        2018-12-17 00358 ქსეროქსი 2018-12-17 2018-12-17 წიგნი ქსეროქსი
        2018-12-17 00524 2018-12-17 2018-12-17 წიგნი ქსეროქსი